000 00324nam a2200121Ia 4500
008 220204s9999 xx 000 0 und d
082 _aNR:33(100)
_bSMI;1
100 _aSmit, Hidde Pieter
245 0 _aWorld rubber economy to the year 2000
260 _bOffetdrukkerjt
_c1982
650 _aWorld rubber economy
942 _cBK
999 _c37989
_d37989